书目信息 |
| 题名: |
分析化学手册
|
|
| 作者: | 王敏 主编 | |
| 分册: | 2 化学分析 | |
| 出版信息: | 北京 化学工业出版社 2019重印 |
|
| 页数: | 943页 | |
| 开本: | 27cm | |
| 丛书名: | ||
| 单 册: | ||
| 中图分类: | O65-62 | |
| 科图分类: | ||
| 主题词: | 分析化学--fen xi hua xue--手册 , 化学分析--hua xue fen xi--手册 | |
| 电子资源: | ||
| ISBN: | 978-7-122-27567-7 | |
| 000 | 01230nam 2200325 45 | |
| 001 | 012001002515 | |
| 005 | 20191121141156.92 | |
| 010 | @a978-7-122-27567-7@b精装@dCNY198.00 | |
| 099 | @aCAL 012017037262 | |
| 100 | @a20170216d2016 em y0chiy50 ea | |
| 101 | 0 | @achi |
| 102 | @aCN@b110000 | |
| 105 | @aak a 001yy | |
| 106 | @ar | |
| 200 | 1 | @a分析化学手册@Afen xi hua xue shou ce@h2@i化学分析@f王敏主编 |
| 205 | @a第3版 | |
| 210 | @a北京@c化学工业出版社@d2019重印 | |
| 215 | @a943页@c图@d27cm | |
| 300 | @a国家出版基金项目 “十二五”国家重点图书 | |
| 312 | @a英文并列题名取自封面 | |
| 320 | @a有书目和索引 | |
| 330 | @a本书根据化学分析的特点分为分离与富集、定性分析、定量分析三篇。在分离与富集部分, 在传统分离方法的基础上突出了近几年发展较为快速的新型样品预处理技术。在定性分析与定量分析篇, 除了传统的无机样品分析和有机样品分析, 还增加了生物样品分析, 包括氨基酸、蛋白质及糖类的分析。 | |
| 510 | 1 | @aHandbook of analytical chemistry@zeng |
| 517 | 1 | @a化学分析@Ahua xue fen xi |
| 606 | 0 | @a分析化学@Afen xi hua xue@j手册 |
| 606 | 0 | @a化学分析@Ahua xue fen xi@j手册 |
| 690 | @aO65-62@v5 | |
| 701 | 0 | @a王敏@Awang min@4主编 |
| 801 | 0 | @aCN@b北京卓展@c20191020 |
| 905 | @b1203715-7@dO65-62@e212:2=3@f3 | |
| 分析化学手册.2.化学分析/王敏主编.-第3版.-北京:化学工业出版社,2019重印 |
| 943页:图;27cm |
| 国家出版基金项目 “十二五”国家重点图书 |
| ISBN 978-7-122-27567-7(精装):CNY198.00 |
| 本书根据化学分析的特点分为分离与富集、定性分析、定量分析三篇。在分离与富集部分, 在传统分离方法的基础上突出了近几年发展较为快速的新型样品预处理技术。在定性分析与定量分析篇, 除了传统的无机样品分析和有机样品分析, 还增加了生物样品分析, 包括氨基酸、蛋白质及糖类的分析。 |
| ● |
| 相关链接 |
|
|
|
|
正题名:分析化学手册
索取号:O65-62/212:2=3
 
预约/预借
| 序号 | 登录号 | 条形码 | 馆藏地/架位号 | 状态 | 备注 |
| 1 | 1203715 | 212037151 | 第二样本阅览室/ [索取号:O65-62/212:2=3] | 在馆 | |
| 2 | 1203716 | 212037160 | 第三借阅区/ [索取号:O65-62/212:2=3] | 在馆 | |
| 3 | 1203717 | 212037179 | 第三借阅区/ [索取号:O65-62/212:2=3] | 在馆 |